000 01401nam1a22003011i 4500
001 v19\rc\1349480
005 20260407120715.0
035 _a(NLR Aleph) 004495128
090 _a4667936
_c4667936
100 _a20060512d18621878|||y0rusy50 ca
101 0 _arus
102 _aRU
105 _ay z |||||
200 1 _aОбзор деятельности Комитета грамотности...
210 _a[Санкт-Петербург]
_dценз. 1862-1878
215 _d21
300 _aЗагл. обзора за 1877 г.: Обзор деятельности Комитета грамотности, состоящего при Вольно-экономическом обществе
309 _aИзд. 1862 г. и 1867 г. без тит. л. и обл.
517 0 _aОбзор деятельности Комитета грамотности, состоящего при Вольно-экономическом обществе
710 0 2 _aПетербургский комитет грамотности
_3RU\NLR\AUTH\889953061
_9402109
712 0 2 _aПетербургский комитет грамотности
_3RU\NLR\AUTH\889953061
_9402109
801 0 _aRU
_bNLR
_gpsbo
801 0 _aRU
_bRuMoRGB
_2psbo
801 1 _aRU
_bProSoft-M
_2rusmarc
852 _aNLR
_j18.337.1.355
852 _aNLR (1861-1877*)
_j+Шифры разные
899 _aБАН (1863)
942 _cBOOK